C Sharp Complete-(E-BOOK) (Record no. 191147)
[ view plain ]
| 000 -LEADER | |
|---|---|
| fixed length control field | 00702 a2200133 4500 |
| 003 - CONTROL NUMBER IDENTIFIER | |
| control field | Nust |
| 005 - DATE AND TIME OF LATEST TRANSACTION | |
| control field | 20170207154010.0 |
| 040 ## - CATALOGING SOURCE | |
| Transcribing agency | Nust |
| 082 ## - DEWEY DECIMAL CLASSIFICATION NUMBER | |
| Classification number | 005.133 |
| 245 ## - TITLE STATEMENT | |
| Title | C Sharp Complete-(E-BOOK) |
| 505 ## - FORMATTED CONTENTS NOTE | |
| Formatted contents note | Chapter 1: Introduction to Visual C# and the .NET Framework Chapter 2: Zen and Now—The C# Language Chapter 3: Strings, Dates, Times, and Time Spans Chapter 4: Object-Oriented Programming Chapter 5: Derived Classes Chapter 6: Arrays, Indexers, and Collections Chapter 7: Reflecting on Classes Chapter 8: Building a Better Windows Interface Chapter 9: Building Desktop Applications Chapter 10: Working with Threads Chapter 11: Overview of the ADO.NET Classes |
| 650 ## - SUBJECT ADDED ENTRY--TOPICAL TERM | |
| Topical term or geographic name entry element | C |
| 651 ## - SUBJECT ADDED ENTRY--GEOGRAPHIC NAME | |
| Geographic name | E-BOOK |
| 942 ## - ADDED ENTRY ELEMENTS (KOHA) | |
| Source of classification or shelving scheme | |
| Koha item type | Book |
| Withdrawn status | Lost status | Source of classification or shelving scheme | Damaged status | Not for loan | Collection code | Permanent Location | Current Location | Date acquired | Total Checkouts | Full call number | Barcode | Date last seen | Price effective from | Koha item type |
|---|---|---|---|---|---|---|---|---|---|---|---|---|---|---|
| Military College of Signals (MCS) | Military College of Signals (MCS) | 12/12/2016 | 005.133 | MCSEB-51 | 12/08/2016 | 12/12/2016 | Book |
